000 00560nam a22001577a 4500
999 _c12041
_d12041
008 210118b ||||| |||| 00| 0 eng d
082 0 0 _a621.436
_bJ925
100 _9110
_aJudge, Arthur W.
245 1 0 _aMaintenance of high-speed diesel engines : A Practical handbook for diesel engine fleet owners, maintenance engineers, operators, drivers and mechanics
_cBy Arthur W. Judge
250 _a4th ed.
260 _aLondon
_bChapman & Hall Ltd.
_c1956
300 _a422 p.
365 _d50.40
650 0 _aDiesel motor--maintenance and repair
942 _cBK